Online
Catalog

Una puntada en el tiempo : (Record no. 27123)

MARC details
000 -CABECERA
campo de control de longitud fija 01082nam a2200253 a 4500
001 - NÚMERO DE CONTROL
campo de control 000027631
005 - FECHA Y HORA DE LA ÚLTIMA TRANSACCIÓN
campo de control 20200930030957.0
008 - DATOS DE LONGITUD FIJA--INFORMACIÓN GENERAL
campo de control de longitud fija 110401s1990 dr abc 001 0 spa d
040 ## - FUENTE DE LA CATALOGACIÓN
Centro catalogador/agencia de origen DO-SdBNP
Lengua de catalogación spa
Centro/agencia transcriptor BNPHU
082 ## - NÚMERO DE LA CLASIFICACIÓN DECIMAL DEWEY
Número de clasificación 646.297295
Número de documento/Ítem G643u
100 1# - ENTRADA PRINCIPAL--NOMBRE DE PERSONA
Nombre de persona González García, Lydia Milagros
9 (RLIN) 25062
245 14 - MENCIÓN DE TÍTULO
Título Una puntada en el tiempo :
Resto del título la industria de la aguja en Puerto Rico (1900-1929) /
Mención de responsabilidad, etc. Lydia Milagros González García.
260 ## - PUBLICACIÓN, DISTRIBUCIÓN, ETC.
Lugar de publicación, distribución, etc. Santo Domingo :
Nombre del editor, distribuidor, etc. CEREP :
-- CIPAF,
Fecha de publicación, distribución, etc. 1990.
Fabricante Taller,
300 ## - DESCRIPCIÓN FÍSICA
Extensión 139 p. :
Otras características físicas il., mapas, retrs. ;
Dimensiones 19 cm.
504 ## - NOTA DE BIBLIOGRAFÍA, ETC.
Nota de bibliografía, etc. Bibliografía y notas al final de capítulos.
504 ## - NOTA DE BIBLIOGRAFÍA, ETC.
Nota de bibliografía, etc. Bibliografía: p.117-128.
590 ## - NOTA LOCAL (RLIN)
Nota local Inventariado, 2018/ YL
650 #4 - PUNTO DE ACCESO ADICIONAL DE MATERIA--TÉRMINO DE MATERIA
Término de materia o nombre geográfico como elemento de entrada Corte y confección
Subdivisión general Historia
Subdivisión geográfica Puerto Rico
9 (RLIN) 54721
650 #4 - PUNTO DE ACCESO ADICIONAL DE MATERIA--TÉRMINO DE MATERIA
Término de materia o nombre geográfico como elemento de entrada Labores de aguja
Subdivisión general Aspectos económicos
Subdivisión geográfica Puerto Rico
9 (RLIN) 54722
650 #4 - PUNTO DE ACCESO ADICIONAL DE MATERIA--TÉRMINO DE MATERIA
Término de materia o nombre geográfico como elemento de entrada Industrias manufactureras
Subdivisión general Historia
Subdivisión geográfica Puerto Rico
9 (RLIN) 54723
650 #4 - PUNTO DE ACCESO ADICIONAL DE MATERIA--TÉRMINO DE MATERIA
Término de materia o nombre geográfico como elemento de entrada Mujeres en la industria
Subdivisión general Historia
Subdivisión geográfica Puerto Rico
9 (RLIN) 54724
650 #4 - PUNTO DE ACCESO ADICIONAL DE MATERIA--TÉRMINO DE MATERIA
Término de materia o nombre geográfico como elemento de entrada Mujeres trabajadoras
Subdivisión general Historia
Subdivisión geográfica Puerto Rico
9 (RLIN) 54725
910 ## - DATOS DE OPCIÓN DEL USUARIO (OCLC)
Datos de opción del usuario Validado. Control de calidad EMS
Holdings
Estado de retiro Estado de pérdida No para préstamo Código de colección Localización permanente Ubicación/localización actual Ubicación en estantería Fecha de adquisición Número de inventario Total de préstamos Signatura topográfica completa Código de barras Fecha visto por última vez Precio válido a partir de Tipo de ítem Koha Número de copia
    Excluido de préstamo Patrimonio Dominicano Patrimonio Dominicano Patrimonio Dominicano Depósito 01.04.2011 LF1   646.297295 G643u 27631-10 25.06.2020 25.06.2020 Libro y Folleto Colección Patrimonio Dominicano  
    Excluido de préstamo Patrimonio Dominicano Patrimonio Dominicano Patrimonio Dominicano Depósito 01.04.2011 LF1   646.297295 G643u 27631-20 25.06.2020 25.06.2020 Libro y Folleto Colección Patrimonio Dominicano e.2

Powered by Koha